000 01041nam a22003137a 4500
001 BR2013007032
003 BR-BrBNA
005 20230928104249.0
007 ta
008 230509b bl.||||| |||| 00| 0 por d
040 _aBR-BrBNA
_bpor
_cBiblioteca Nacional de Agricultura
041 _a(Por)
072 _aL73
_b4076
_b4140
090 _ 4076 BR2013007032
100 1 _aMarcelino, A.P.
110 1 _aUniversidade Federal de Minas Gerais, Belo Horizonte (Brasil). Escola de Veterinária
_0Tese (Doutor em Ciência Animal)
245 1 _aDetecção de Leishamnia (Ross, 1903)em Rattus norvegius (Berkenhout, 1769)em Belo Horizonte, Minas Gerais, 2007 e 2008
260 3 _aBelo Horizonte, MG (Brasil):
_c2011.
300 _a41 p.
500 _aSummaries (Eng, Por); Bibliography p. 36-41; 9 illus.
650 _aRATO
650 _aLEISHAMANIOSE
650 _aPROTOZOÁRIO
650 _aTRANSMISSÃO DE DOENÇA
650 _aDIAGNÓSTICO
650 _aMINAS GERAIS
909 _a202309
_bLucia
_c55
_dLucia Elande
942 _cBK
999 _c78977
_d78977